[Event "AUTO-OPEN-3578"]
[Site "http://www.queenalice.com/game.php?id=1397328"]
[Date "2015.12.4"]
[Round "1"]
[White "clovis"]
[Black "TBR1910"]
[Result "1-0"]
[WhiteElo "2115"]
[BlackElo "1500"]

1. e4 b6 2. Bc4 e6 3. Nf3 Qe7 4. O-O Bb7 5. Nc3 Nc6 6. d4 h6 7. d5 exd5 8. Nxd5
Qd8 9. Bf4 Nf6 10. Nxc7+ Ke7 11. Bd6# 1-0

[Event "AUTO-OPEN-3578"]
[Site "http://www.queenalice.com/game.php?id=1397329"]
[Date "2015.12.4"]
[Round "1"]
[White "TBR1910"]
[Black "clovis"]
[Result "0-1"]
[WhiteElo "1517"]
[BlackElo "2058"]

1. e4 e5 2. Qf3 Nc6 3. a3 Nf6 4. Nh3 Bc5 5. Bc4 Nd4 6. Qd3 d6 7. a4 O-O 8. c3
Bxh3 9. cxd4 Bxg2 10. Rg1 Bxe4 11. Qe3 Bxd4 12. Qg3 Bg6 13. Bd3 e4 14. Bc4 d5
15. Ba2 c6 16. Nc3 h5 17. Ne2 Bc5 18. Nf4 Ng4 19. h3 Bxf2+ 20. Ke2 Bxg3 21. Rxg3
Qd6 22. d4 exd3+ 23. Kd1 Nf2+ 24. Ke1 d2+ 0-1

[Event "AUTO-OPEN-3578"]
[Site "http://www.queenalice.com/game.php?id=1397340"]
[Date "2015.12.4"]
[Round "1"]
[White "TBR1910"]
[Black "Guilhermerocha"]
[Result "0-1"]
[WhiteElo "1455"]
[BlackElo "1750"]

1. e4 e5 2. Qf3 Nf6 3. Bc4 Bc5 4. d3 O-O 5. Bg5 Be7 6. d4 Nc6 7. dxe5 Nxe5 8.
Qb3 h6 9. Bf4 Nxc4 10. Qxc4 Re8 11. Nc3 c6 12. O-O-O Qb6 13. e5 Nh5 14. Bxh6
gxh6 15. Nf3 Qxf2 16. Rhf1 Qe3+ 17. Nd2 d5 18. Qb3 Qxe5 19. Rf2 Qxh2 20. Rdf1
Bh4 21. Rxf7 Qxg2 22. Qb4 Be6 23. Rxb7 Rf8 24. Rxf8+ Rxf8 25. Qxh4 Bg4 26. Qe1
Nf4 27. b4 Ne2+ 28. Kb2 d4 29. Nce4 Bf3 30. Nc5 Qg4 31. a4 Rf4 32. Rxa7 h5 33.
Re7 Rf7 34. Re8+ Kh7 35. Nxf3 Rxf3 36. Rxe2 d3 37. Nxd3 Qd4+ 38. Qc3 Qg4 39.
Re7+ Kg8 40. a5 h4 41. Re8+ Kf7 0-1

[Event "AUTO-OPEN-3578"]
[Site "http://www.queenalice.com/game.php?id=1397341"]
[Date "2015.12.4"]
[Round "1"]
[White "Guilhermerocha"]
[Black "TBR1910"]
[Result "1-0"]
[WhiteElo "1638"]
[BlackElo "1538"]

1. e4 e5 2. Bc4 Nf6 3. Nc3 Bb4 4. Nd5 O-O 5. Nf3 a6 6. a3 Bc5 7. Nxe5 Nxe4 8. d4
d6 9. Nxf7 Qf6 10. Nxf6+ Nxf6 11. Nxd6+ Kh8 12. Nxc8 Re8+ 13. Be3 Bf8 14. O-O
Rxc8 15. Be6 Re8 16. Bd5 Nxd5 17. Qf3 c6 18. Rae1 Nd7 19. Re2 N7f6 20. Rfe1 Re7
21. Bg5 Rf7 22. Bxf6 Rxf6 23. Qe4 b5 24. g4 Nf4 25. Re3 g6 26. g5 Rf7 27. Qxc6
Rd8 28. Re8 Nh3+ 29. Kg2 Nf4+ 30. Kh1 Rxd4 31. Qc3 Rd7 32. Rxf8+ Kg7 33. Rxf4 b4
34. Qxd4+ Rxd4 35. Rxd4 a5 36. axb4 axb4 37. Rxb4 h6 38. Re7+ Kf8 39. Rbb7 hxg5
40. Rec7 Ke8 41. Rb8# 1-0

[Event "AUTO-OPEN-3579"]
[Site "http://www.queenalice.com/game.php?id=1397597"]
[Date "2015.12.7"]
[Round "1"]
[White "TBR1910"]
[Black "Troy"]
[Result "0-1"]
[WhiteElo "1541"]
[BlackElo "2037"]

1. e4 c5 2. Nf3 Nc6 3. Bc4 e6 4. d3 Be7 5. Nc3 b6 6. d4 cxd4 7. Nxd4 Bb7 8. Nxc6
Bxc6 9. Be3 d6 10. O-O Nf6 11. a4 O-O 0-1

[Event "AUTO-OPEN-3579"]
[Site "http://www.queenalice.com/game.php?id=1397618"]
[Date "2015.12.7"]
[Round "1"]
[White "MSchatz"]
[Black "TBR1910"]
[Result "1-0"]
[WhiteElo "2141"]
[BlackElo "1489"]

1. e4 b6 2. g3 Bb7 3. Bg2 e6 4. d3 Bc5 5. Be3 f5 6. Bxc5 bxc5 7. Ne2 Nf6 8. Nbc3
a5 9. O-O e5 10. exf5 Bxg2 11. Kxg2 c6 12. Ne4 d5 13. Nxc5 O-O 14. Ne6 Qd6 15.
Nxf8 Kxf8 16. c4 dxc4 17. dxc4 Qc5 18. b3 Na6 19. Nc3 e4 20. Re1 Nb4 21. Nxe4
Nxe4 22. Rxe4 Qb6 23. Qd6+ Kg8 24. Qe6+ Kf8 25. Qe7+ Kg8 26. Rae1 Nd3 27. Qe6+
Kf8 28. Qd6+ Kg8 29. Qxd3 h6 30. Re8+ 1-0

[Event "AUTO-OPEN-3579"]
[Site "http://www.queenalice.com/game.php?id=1397619"]
[Date "2015.12.7"]
[Round "1"]
[White "TBR1910"]
[Black "MSchatz"]
[Result "0-1"]
[WhiteElo "1491"]
[BlackElo "2140"]

1. e4 e5 2. Qf3 Bc5 3. Bc4 Qf6 4. Qb3 Qxf2+ 5. Kd1 Nc6 6. Qf3 Qxf3+ 7. gxf3 d6
8. h4 Be6 9. Nc3 Bxc4 10. d3 Be6 11. a3 Nge7 12. Nh3 Nd4 13. Be3 Nxc2 14. Kxc2
Bxe3 15. Rae1 Bd4 16. Rhf1 Bxh3 17. Rh1 Bg2 18. Rh2 Bxf3 19. Rh3 Bg4 20. Rg3 Bf2
21. Reg1 Bxg3 22. Rxg3 Bh5 23. Rxg7 Ng6 24. Nd5 Kf8 25. Rxg6 Bxg6 26. Kb3 c6 27.
Nf6 Kg7 28. h5 Kxf6 29. hxg6 hxg6 0-1

[Event "AUTO-OPEN-3579"]
[Site "http://www.queenalice.com/game.php?id=1397632"]
[Date "2015.12.7"]
[Round "1"]
[White "TBR1910"]
[Black "Rafale2000"]
[Result "0-1"]
[WhiteElo "1541"]
[BlackElo "1970"]

1. e4 Nf6 2. e5 Nd5 3. Qf3 c6 4. Bc4 e6 5. d3 b5 6. Bxd5 cxd5 7. Nh3 h6 8. Nc3
Qb6 9. a3 Bb7 10. Be3 d4 11. Bxd4 Bxf3 12. Bxb6 Bxg2 13. Rg1 Bxh3 14. Ba5 a6 15.
O-O-O Nc6 16. Rg3 Bf5 17. Bb6 Rb8 18. Bc7 Rb7 19. Bd6 Bxd6 20. exd6 O-O 21. d4
b4 22. axb4 Rxb4 0-1

[Event "AUTO-OPEN-3579"]
[Site "http://www.queenalice.com/game.php?id=1397633"]
[Date "2015.12.7"]
[Round "1"]
[White "Rafale2000"]
[Black "TBR1910"]
[Result "1-0"]
[WhiteElo "1972"]
[BlackElo "1541"]

1. d4 e6 2. e4 Qf6 3. Be3 d6 4. Nf3 a6 5. Bd3 h6 6. Nc3 e5 7. Nd5 Qd8 8. O-O c6
9. Nc3 Bg4 10. Bc4 b5 11. Be2 exd4 12. Nxd4 c5 13. Bxg4 b4 14. Nd5 cxd4 15. Bxd4
Nd7 16. Qf3 Ngf6 17. Nxf6+ Nxf6 18. Bxf6 Qxf6 19. Bf5 Rb8 20. c3 Be7 21. Rab1 a5
22. cxb4 1-0

[Event "OS INCLIVES"]
[Site "http://www.queenalice.com/game.php?id=1399934"]
[Date "2015.12.22"]
[Round "-"]
[White "adelio"]
[Black "TBR1910"]
[Result "1-0"]
[WhiteElo "1758"]
[BlackElo "1327"]

1. d4 g6 2. c4 a6 3. e4 e6 4. Be2 Nf6 5. Nc3 Bb4 6. Bd2 Bxc3 7. bxc3 Nxe4 8. h4
d5 9. g4 Qf6 10. Bf3 Nxd2 11. Qxd2 1-0

[Event "OS INCLIVES"]
[Site "http://www.queenalice.com/game.php?id=1399935"]
[Date "2015.12.22"]
[Round "-"]
[White "TBR1910"]
[Black "adelio"]
[Result "0-1"]
[WhiteElo "1329"]
[BlackElo "1754"]

1. e4 a6 2. Bc4 e6 3. d3 b5 4. Bb3 Be7 5. a3 c5 6. Nf3 Nc6 7. h3 h5 8. Nc3 h4 9.
e5 g5 10. Ne4 Nh6 0-1

[Event "Challenge"]
[Site "http://www.queenalice.com/game.php?id=1400324"]
[Date "2015.12.24"]
[Round "-"]
[White "eduardocosta"]
[Black "TBR1910"]
[Result "1-0"]
[WhiteElo "1667"]
[BlackElo "1426"]

1. e3 e5 2. Be2 Qf6 3. b3 e4 4. Nc3 Bb4 5. Bb2 Nh6 6. Rb1 c6 7. Nxe4 Qg6 8. Ng3
Nf5 9. Bf3 Na6 10. a3 Bd6 11. N1e2 Bxg3 12. Nxg3 1-0